000 00841cam a2200301 4500
999 _c5152
_d5152
001 27049
003 GBCCL
005 20241126110534.0
008 710331s1971 nyu 000 0 eng
010 _a 76130700 //r852
020 _a0850090342
035 _a(OCoLC)00129442
040 _aDLC
_cDLC
043 _an-us-ca
049 _aLBBK
050 0 _aBV3775.L6
_bB55
082 _a269.2
_bBLE
092 _a269.21
_bB647
100 1 _aBlessitt, Arthur.
_99282
245 1 0 _aTurned on to Jesus,
_cby Arthur Blessitt, with Walter Wagner.
260 _aNew York,
_bHawthorn Books
_c[1971]
300 _a242 p.
_c22 cm.
350 _a$5.95
650 0 _aEvangelistic work
_zCalifornia
_zLos Angeles.
_99283
651 0 _aSunset Boulevard (Los Angeles, Calif.)
_99284
700 1 0 _aWagner, Walter,
_d1927-
_99285
942 _2ddc
_cBK
_02